[Event "Aberto do Brasil CONTAUD 2022"]
[Site "Cuiaba - MT - Brasil"]
[Date "2022.10.29"]
[Round "8"]
[Board "1"]
[White "Gauche, Charles"]
[Black "Fier, Alexandr"]
[Result "0-1"]
[WhiteElo "2177"]
[BlackElo "2592"]
[PlyCount "110"]
[EventDate "2022.10.25"]
[EventRounds "9"]
[EventCountry "BRA"]

1. Nf3 Nf6 2. b3 g6 3. Bb2 Bg7 4. e4 d6 5. d3 O-O 6. g3 e5 7. Bg2 c5 8. O-O Nc6 9.
Nfd2 Bg4 10. f3 Be6 11. Nc4 Nd4 12. c3 Nc6 13. Qe1 d5 14. exd5 Qxd5 15. Nba3 Qd7
16. Nxe5 Nxe5 17. Qxe5 Qxd3 18. Rad1 Qf5 19. c4 Rad8 20. Qxf5 Bxf5 21. g4 Bd7 22.
Be5 Bc6 23. Bd6 Rfe8 24. Bxc5 Rxd1 25. Rxd1 h5 26. h3 Nd7 27. Bb4 Ne5 28. Kf2 Bf6
29. Kg3 h4+ 30. Kf2 Bg5 31. Nb5 Bxb5 32. cxb5 Rc8 33. Be1 Bf4 34. Kf1 g5 35. Bf2
b6 36. a4 Rc3 37. b4 Be3 38. Rd5 Nc4 39. Rd8+ Kg7 40. Bxe3 Nxe3+ 41. Kf2 Nc4 42.
Rc8 Rc2+ 43. Kg1 Ne3 44. Rxc2 Nxc2 45. Kf2 Kf6 46. f4 gxf4 47. Bd5 Nd4 48. Bc4 Kg5
49. a5 Kf6 50. a6 Ne6 51. Kf3 Ke5 52. Bxe6 fxe6 53. g5 Kf5 54. g6 Kxg6 55. Kxf4 Kf6
 0-1

[Event "Aberto do Brasil CONTAUD 2022"]
[Site "Cuiaba - MT - Brasil"]
[Date "2022.10.29"]
[Round "8"]
[Board "2"]
[White "Delgado Ramirez, Neuris"]
[Black "Lima, Darcy"]
[Result "1-0"]
[WhiteElo "2563"]
[BlackElo "2420"]
[PlyCount "35"]
[EventDate "2022.10.25"]
[EventRounds "9"]
[EventCountry "BRA"]

1. e4 e5 2. Nf3 Nc6 3. Bb5 a6 4. Ba4 Nge7 5. Bb3 Ng6 6. h4 Be7 7. h5 Nh4 8. Nxh4
Bxh4 9. d3 Nd4 10. Qg4 Bf6 11. Qg3 Nxb3 12. axb3 c6 13. Nc3 d5 14. f4 g6 15. fxe5
dxe4 16. Be3 b5 17. O-O Qe7 18. Rxf6  1-0

[Event "Aberto do Brasil CONTAUD 2022"]
[Site "Cuiaba - MT - Brasil"]
[Date "2022.10.29"]
[Round "8"]
[Board "3"]
[White "Matsuura, Everaldo"]
[Black "Federzoni, Enzo"]
[Result "0-1"]
[WhiteElo "2445"]
[BlackElo "2139"]
[PlyCount "66"]
[EventDate "2022.10.25"]
[EventRounds "9"]
[EventCountry "BRA"]

1. e4 c5 2. Nf3 d6 3. c3 Nf6 4. h3 Nc6 5. Bd3 e5 6. Bc2 d5 7. exd5 Qxd5 8. Qe2 Be6
9. d3 O-O-O 10. O-O Bf5 11. Ng5 h6 12. Ne4 Qd7 13. Be3 c4 14. Rd1 cxd3 15. Rxd3 Nd4
16. cxd4 Bxe4 17. Rd1 Bxc2 18. Qxc2+ Qc6 19. Qe2 Kb8 20. Rc1 Qa6 21. Qxa6 bxa6 22.
dxe5 Nd5 23. Rd1 Bb4 24. Bd4 Rd7 25. Bc3 Bc5 26. Ba5 Nb6 27. Rxd7 Nxd7 28. Bc3 Re8
29. Nd2 Nxe5 30. Re1 Bxf2+ 31. Kxf2 Nd3+ 32. Kg3 Nxe1 33. Bxg7 Rg8  0-1

[Event "Aberto do Brasil CONTAUD 2022"]
[Site "Cuiaba - MT - Brasil"]
[Date "2022.10.29"]
[Round "8"]
[Board "4"]
[White "Rodi, Luis Ernesto"]
[Black "Hoffman, Alejandro"]
[Result "1/2-1/2"]
[WhiteElo "2312"]
[BlackElo "2378"]
[PlyCount "26"]
[EventDate "2022.10.25"]
[EventRounds "9"]
[EventCountry "BRA"]

1. c4 c5 2. Nf3 Nf6 3. Nc3 g6 4. g3 Bg7 5. Bg2 Nc6 6. O-O O-O 7. e4 d6 8. d3 Bg4
9. h3 Bxf3 10. Qxf3 Nd4 11. Qd1 Ne8 12. Ne2 Nxe2+ 13. Qxe2 Nc7  1/2-1/2

[Event "Aberto do Brasil CONTAUD 2022"]
[Site "Cuiaba - MT - Brasil"]
[Date "2022.10.29"]
[Round "8"]
[Board "5"]
[White "Alboredo, Julia"]
[Black "Pirola, Claudionor Alcides Lima"]
[Result "1/2-1/2"]
[WhiteElo "2234"]
[BlackElo "2157"]
[PlyCount "77"]
[EventDate "2022.10.25"]
[EventRounds "9"]
[EventCountry "BRA"]

1. e4 e5 2. Nf3 Nc6 3. Bc4 Nf6 4. d3 Bc5 5. Bg5 d6 6. c3 h6 7. Bh4 a6 8. b4 Ba7 9.
Nbd2 g5 10. Bg3 Bg4 11. h4 Nh5 12. Qb3 Qf6 13. hxg5 hxg5 14. O-O-O O-O-O 15. Qa3
Nf4 16. Bxf4 Qxf4 17. b5 axb5 18. Bxb5 Rxh1 19. Rxh1 Bxf2 20. Qa8+ Nb8 21. Kc2 c6
22. Bxc6 bxc6 23. Rb1 Kd7 24. Rb7+ Ke6 25. Rxb8 Rxb8 26. Qxb8 Bxf3 27. Nxf3 Bc5 28.
Qd8 Be3 29. Qc8+ Ke7 30. Qc7+ Ke6 31. Qc8+ Ke7 32. Kb3 Qg3 33. Qc7+ Ke6 34. Qxc6
Qxg2 35. Qe8+ Kf6 36. Qh8+ Ke7 37. Nxe5 dxe5 38. Qxe5+ Kf8 39. Qh8+  1/2-1/2

[Event "Aberto do Brasil CONTAUD 2022"]
[Site "Cuiaba - MT - Brasil"]
[Date "2022.10.29"]
[Round "8"]
[Board "6"]
[White "Pimentel, Lucas Dos Santos"]
[Black "Labussiere, Yago"]
[Result "0-1"]
[WhiteElo "1391"]
[BlackElo "2213"]
[PlyCount "60"]
[EventDate "2022.10.25"]
[EventRounds "9"]
[EventCountry "BRA"]

1. d4 d5 2. Bf4 Nf6 3. Nf3 c5 4. c3 Nc6 5. e3 Qb6 6. Qb3 c4 7. Qxb6 axb6 8. Nbd2
b5 9. Be2 b4 10. O-O bxc3 11. bxc3 Bf5 12. Nh4 Bd7 13. Rfb1 b5 14. Nhf3 Ra5 15. Ne5
e6 16. a4 b4 17. Nxc6 Bxc6 18. cxb4 Rxa4 19. Rxa4 Bxa4 20. Nxc4 dxc4 21. Bxc4 Nd5
22. b5 Kd7 23. Ra1 Nb6 24. Bb8 Ba3 25. Rxa3 Rxb8 26. Bb3 g6 27. Kf1 Kd6 28. e4 e5
29. dxe5+ Kxe5 30. Ke2 Kd4  0-1

[Event "Aberto do Brasil CONTAUD 2022"]
[Site "Cuiaba - MT - Brasil"]
[Date "2022.10.29"]
[Round "8"]
[Board "7"]
[White "Souza Dos Santos, Matheus Garcett"]
[Black "Luz, Arthur Nader"]
[Result "1/2-1/2"]
[WhiteElo "1990"]
[BlackElo "2154"]
[PlyCount "39"]
[EventDate "2022.10.25"]
[EventRounds "9"]
[EventCountry "BRA"]

1. e4 c5 2. Nf3 d6 3. d4 cxd4 4. Nxd4 Nf6 5. Nc3 g6 6. Be3 Bg7 7. f3 O-O 8. Bc4 Nc6
9. Bb3 Nxd4 10. Bxd4 Qa5 11. Qd2 Be6 12. O-O-O b5 13. Kb1 b4 14. Nd5 Bxd5 15. Bxd5
Nxd5 16. Bxg7 Nc3+ 17. Bxc3 bxc3 18. Qxc3 Qxc3 19. bxc3 Rfc8 20. Rd3  1/2-1/2

[Event "Aberto do Brasil CONTAUD 2022"]
[Site "Cuiaba - MT - Brasil"]
[Date "2022.10.29"]
[Round "8"]
[Board "8"]
[White "De Oliveira, Yuri Garcia"]
[Black "Lima, Kleyton Alcantara"]
[Result "1-0"]
[WhiteElo "1899"]
[BlackElo "2109"]
[PlyCount "44"]
[EventDate "2022.10.25"]
[EventRounds "9"]
[EventCountry "BRA"]

1. c4 e5 2. Nc3 Nf6 3. Nf3 Nc6 4. e3 Bb4 5. Qc2 O-O 6. Nd5 Bc5 7. a3 a5 8. b3 d6
9. Bb2 Nxd5 10. cxd5 Ne7 11. Nxe5 Nxd5 12. Nf3 Qe7 13. Bd3 f5 14. O-O Bb6 15. Nd4
Qg5 16. f4 Qe7 17. Rf3 Qf7 18. Rg3 g6 19. Bc3 c6 20. Nf3 Bd8 21. Ng5 Bxg5 22. Rxg5
h6  1-0

[Event "Aberto do Brasil CONTAUD 2022"]
[Site "Cuiaba - MT - Brasil"]
[Date "2022.10.29"]
[Round "8"]
[Board "9"]
[White "Paredes Lagos, Anthony Javier"]
[Black "Andrade, Guilherme A. De Souza"]
[Result "1-0"]
[WhiteElo "2211"]
[BlackElo "1887"]
[PlyCount "67"]
[EventDate "2022.10.25"]
[EventRounds "9"]
[EventCountry "BRA"]

1. d4 Nf6 2. g3 d5 3. c4 c6 4. Bg2 g6 5. Nf3 Bg7 6. O-O O-O 7. Nc3 Bg4 8. Ne5 dxc4
9. Nxg4 Nxg4 10. e3 Nf6 11. Qe2 Nbd7 12. Qxc4 Nb6 13. Qb3 Qd7 14. a4 Nbd5 15. e4
Nxc3 16. bxc3 b6 17. h3 Rfd8 18. Be3 Ne8 19. Rad1 Nc7 20. f4 Rac8 21. f5 Rf8 22.
Rd2 gxf5 23. Rxf5 Qe6 24. c4 Bh6 25. d5 cxd5 26. cxd5 Qg6 27. Rdf2 Ne8 28. Bxh6 Qxh6
29. e5 Qc1+ 30. Kh2 Ng7 31. R5f3 Qe1 32. Qb2 Qc1 33. Qa2 Qc5 34. Qe2  1-0

[Event "Aberto do Brasil CONTAUD 2022"]
[Site "Cuiaba - MT - Brasil"]
[Date "2022.10.29"]
[Round "8"]
[Board "10"]
[White "Lima, Carlos Eduardo I De Araujo"]
[Black "Lima, Stefan Moisei Vieira"]
[Result "0-1"]
[WhiteElo "1889"]
[BlackElo "2051"]
[PlyCount "90"]
[EventDate "2022.10.25"]
[EventRounds "9"]
[EventCountry "BRA"]

1. d4 Nf6 2. Nf3 e6 3. e3 b6 4. b3 d5 5. Bb2 Bd6 6. Bd3 O-O 7. Nbd2 Bb7 8. O-O Nbd7
9. c4 Qe7 10. cxd5 exd5 11. Qc2 Rae8 12. Rac1 a6 13. Ne5 c5 14. Nxd7 Qxd7 15. dxc5
bxc5 16. Bxf6 gxf6 17. Bxh7+ Kg7 18. Bf5 Qc7 19. g3 Rh8 20. e4 Rh5 21. f4 c4 22.
Bg4 Bc5+ 23. Kg2 Rh6 24. Bf3 Qd7 25. h4 Be3 26. Rce1 Bxf4 27. Bg4 Qxg4 28. Rxf4 Qe6
29. bxc4 dxe4 30. Re3 Bc6 31. Kg1 f5 32. Nf3 Qf6 33. Ng5 Qd4 34. Qc3 Qxc3 35. Rxc3
e3 36. Rf1 f4 37. Re1 fxg3 38. Rexe3 Rxe3 39. Rxe3 Rxh4 40. Rxg3 Rxc4 41. a3 a5 42.
Ne4+ Kf8 43. Nd6 Rd4 44. Nf5 Rf4 45. Nd6 Ke7  0-1

[Event "Aberto do Brasil CONTAUD 2022"]
[Site "Cuiaba - MT - Brasil"]
[Date "2022.10.29"]
[Round "8"]
[Board "11"]
[White "Felicio, Leonardo Demetrio De F."]
[Black "Oliveira, Leonardo Tadeu De Alme"]
[Result "0-1"]
[WhiteElo "1880"]
[BlackElo "2037"]
[PlyCount "162"]
[EventDate "2022.10.25"]
[EventRounds "9"]
[EventCountry "BRA"]

1. d4 d5 2. c4 c6 3. cxd5 cxd5 4. Nc3 Nf6 5. Bf4 e6 6. e3 Nc6 7. Bd3 Bd6 8. Bxd6
Qxd6 9. f4 Bd7 10. Nf3 Qb4 11. a3 Qb6 12. Na4 Qc7 13. Rc1 Qa5+ 14. Nc3 a6 15. O-O
O-O 16. Ne5 Ne7 17. g4 Bb5 18. Nxb5 axb5 19. Qf3 Rac8 20. Rcd1 Rc7 21. g5 Ne4 22.
Bxe4 dxe4 23. Qxe4 Rfc8 24. Nd3 Rc2 25. Qxb7 Qa8 26. Qxa8 Rxa8 27. Rf2 Rac8 28. Nc5
Rc4 29. Kg2 Nf5 30. Kf3 Rd8 31. Ke2 Rc2+ 32. Rd2 Rc1 33. Nb3 Rb1 34. Rc2 Kf8 35.
e4 Nd6 36. Nc5 Nc4 37. Kd3 Rd1+ 38. Kc3 R1xd4 39. Kb3 Ne3 40. Rce2 Nc4 41. f5 Rc8
42. Na6 e5 43. Nb4 Nd6 44. Nc2 Rxe4 45. Rxe4 Nxe4 46. Re2 Rc4 47. Ne3 Nc5+ 48. Ka2
Rc1 49. Rc2 Rxc2 50. Nxc2 Ke7 51. Ne3 Kd6 52. b4 Ne4 53. h4 Nd2 54. h5 Ne4 55. g6
fxg6 56. fxg6 hxg6 57. hxg6 Ke6 58. a4 Nc3+ 59. Kb3 Nxa4 60. Kc2 Nb6 61. Kd3 Nd5
62. Nc2 Nf4+ 63. Ke4 Nd5 64. Na3 Nc7 65. Nb1 Nd5 66. Na3 Nxb4 67. Nxb5 Na6 68. Na3
Nc5+ 69. Ke3 Kf5 70. Nc4 Nd7 71. Nd6+ Kxg6 72. Ke4 Kf6 73. Ne8+ Kf7 74. Nd6+ Ke6
75. Nc4 Nf6+ 76. Kf3 g5 77. Ne3 e4+ 78. Kg3 Ke5 79. Nc2 Kd5 80. Ne3+ Kd4 81. Kf2
Kd3  0-1

[Event "Aberto do Brasil CONTAUD 2022"]
[Site "Cuiaba - MT - Brasil"]
[Date "2022.10.29"]
[Round "8"]
[Board "12"]
[White "Duailibi, Ricardo Miguel"]
[Black "Ramos, Angelo Bil"]
[Result "1-0"]
[WhiteElo "1832"]
[BlackElo "1970"]
[PlyCount "56"]
[EventDate "2022.10.25"]
[EventRounds "9"]
[EventCountry "BRA"]

1. e4 c5 2. Nf3 Nc6 3. c3 Nf6 4. e5 Nd5 5. d4 cxd4 6. cxd4 e6 7. a3 d6 8. Nc3 Nxc3
9. bxc3 dxe5 10. Qa4 Bd7 11. Qb3 exd4 12. cxd4 Na5 13. Qd1 Bd6 14. Bd3 Bc6 15. O-O
Rc8 16. Re1 a6 17. Ng5 Bd5 18. Bxh7 Rxh7 19. Nxh7 Qh4 20. h3 Qxh7 21. Qg4 Kf8 22.
Bf4 Bxf4 23. Qxf4 Nc4 24. Rac1 Qg6 25. f3 Kg8 26. Kh1 Qd3 27. h4 Qd2 28. Qxd2 Nxd2
 1-0

[Event "Aberto do Brasil CONTAUD 2022"]
[Site "Cuiaba - MT - Brasil"]
[Date "2022.10.29"]
[Round "8"]
[Board "13"]
[White "Cordeiro Silva, Marcos Antonio"]
[Black "Kazuhiro Shikasho, Erik"]
[Result "1/2-1/2"]
[WhiteElo "1592"]
[BlackElo "1895"]
[PlyCount "113"]
[EventDate "2022.10.25"]
[EventRounds "9"]
[EventCountry "BRA"]

1. e4 c5 2. Nf3 d6 3. d4 cxd4 4. Nxd4 Nf6 5. Nc3 a6 6. Be2 e5 7. Nb3 Be7 8. Be3 Be6
9. g4 d5 10. exd5 Nxd5 11. Nxd5 Bxd5 12. Rg1 Nc6 13. Qd2 Rc8 14. Rd1 Be4 15. Qxd8+
Nxd8 16. c3 Ne6 17. Nd2 Bd5 18. Nf3 Bxa2 19. Nxe5 b5 20. Ra1 Bd6 21. Nxf7 Kxf7 22.
Rxa2 Bxh2 23. Rh1 Be5 24. Rxa6 b4 25. Ra7+ Rc7 26. Rxc7+ Nxc7 27. cxb4 Bxb2 28. b5
Rb8 29. b6 Na8 30. Rxh7 Nxb6 31. Rh5 Bc3+ 32. Kf1 Bf6 33. Rb5 Nd7 34. Rxb8 Nxb8 35.
Bb5 Ke6 36. Bf4 Nd7 37. Bxd7+ Kxd7 38. Ke2 Ke6 39. Kd3 Kd5 40. Bd2 g6 41. f3 Be5
42. Bg5 Bb2 43. Bd2 Bf6 44. Ke3 Bg5+ 45. f4 Bf6 46. Kf3 Ba1 47. f5 gxf5 48. gxf5
Ke5 49. Kg4 Kf6 50. Bg5+ Kf7 51. Kf4 Bf6 52. Bxf6 Kxf6 53. Kg4 Kf7 54. Kg5 Kg7 55.
f6+ Kf7 56. Kf5 Kf8 57. Ke6  1/2-1/2

[Event "Aberto do Brasil CONTAUD 2022"]
[Site "Cuiaba - MT - Brasil"]
[Date "2022.10.29"]
[Round "8"]
[Board "14"]
[White "Lopes, Marcelo Ferreira"]
[Black "Assad, Leonardo Vaz De Figueiredo"]
[Result "1-0"]
[WhiteElo "1963"]
[BlackElo "1761"]
[PlyCount "88"]
[EventDate "2022.10.25"]
[EventRounds "9"]
[EventCountry "BRA"]

1. e4 c5 2. Nf3 e6 3. c4 Nc6 4. Be2 e5 5. Nc3 g6 6. d3 Bg7 7. Be3 d6 8. O-O Nge7
9. a3 O-O 10. Rb1 f5 11. Bg5 f4 12. b4 h6 13. Bxe7 Nxe7 14. Nd2 b6 15. Bg4 Nc6 16.
Bxc8 Rxc8 17. Nd5 Nd4 18. Nf3 Ne6 19. g3 h5 20. Nh4 Kh7 21. Qa4 Rf7 22. Qd1 Bh6 23.
Ng2 f3 24. Nge3 Nd4 25. Rb2 Qd7 26. Kh1 Rcf8 27. b5 Qh3 28. Rg1 Ne2 29. Qf1 Nxg1
30. Kxg1 Qxf1+ 31. Kxf1 Ra8 32. Nc2 Bg5 33. a4 Bd8 34. Ke1 h4 35. Kd2 hxg3 36. hxg3
Kg7 37. Rb1 Bg5+ 38. Nce3 Rh8 39. Nc3 Rh2 40. Rf1 Rf8 41. Ncd5 Rfh8 42. Kc3 Rh1 43.
a5 Rxf1 44. Nxf1 bxa5  1-0

[Event "Aberto do Brasil CONTAUD 2022"]
[Site "Cuiaba - MT - Brasil"]
[Date "2022.10.29"]
[Round "8"]
[Board "15"]
[White "Gomes, Mateus Ferreira"]
[Black "Moyses Sobrinho, Elias"]
[Result "0-1"]
[WhiteElo "1690"]
[BlackElo "1848"]
[PlyCount "30"]
[EventDate "2022.10.25"]
[EventRounds "9"]
[EventCountry "BRA"]

1. d4 Nf6 2. c4 c5 3. e3 cxd4 4. exd4 d5 5. cxd5 Nxd5 6. Nc3 Nc6 7. h3 Bf5 8. Nf3
Ncb4 9. Ke2 Nc2 10. Be3 Nxa1 11. Qxa1 e6 12. g4 Bg6 13. a3 Be7 14. Bg2 h5 15. g5
O-O  0-1

[Event "Aberto do Brasil CONTAUD 2022"]
[Site "Cuiaba - MT - Brasil"]
[Date "2022.10.29"]
[Round "8"]
[Board "16"]
[White "Shaffer, Alexander"]
[Black "Franca Junior, Jairo"]
[Result "1-0"]
[WhiteElo "1684"]
[BlackElo "1756"]
[PlyCount "65"]
[EventDate "2022.10.25"]
[EventRounds "9"]
[EventCountry "BRA"]

1. e4 c5 2. Nf3 d6 3. d4 cxd4 4. Nxd4 Nf6 5. Nc3 a6 6. Bc4 e6 7. O-O Be7 8. Bb3 O-O
9. Qf3 Bd7 10. Qg3 Qa5 11. f4 Nc6 12. Be3 Rac8 13. e5 Ne8 14. Rad1 d5 15. f5 Nxd4
16. Bxd4 Bc5 17. Kh1 b5 18. f6 g6 19. Bxc5 Rxc5 20. Qe3 d4 21. Rxd4 b4 22. Ne4 Bb5
23. Nxc5 Bxf1 24. Nd7 Qb5 25. Qh6 Bxg2+ 26. Kxg2 Qe2+ 27. Kg3 Qe1+ 28. Kf3 Qf1+ 29.
Ke3 Qe1+ 30. Kd3 Qf1+ 31. Ke4 Qg2+ 32. Kd3 Qf3+ 33. Qe3  1-0

[Event "Aberto do Brasil CONTAUD 2022"]
[Site "Cuiaba - MT - Brasil"]
[Date "2022.10.29"]
[Round "8"]
[Board "17"]
[White "Arruda Filho, Ivo Pereira De"]
[Black "Belina, Jose Carlos Fernandes"]
[Result "0-1"]
[WhiteElo "1736"]
[BlackElo "1348"]
[PlyCount "31"]
[EventDate "2022.10.25"]
[EventRounds "9"]
[EventCountry "BRA"]

1. Nf3 d5 2. d4 Nf6 3. c4 e6 4. e3 c6 5. Be2 Bd6 6. Nc3 Nbd7 7. c5 Bb8 8. O-O O-O
9. Ne5 Nxe5 10. dxe5 Nd7 11. f4 f6 12. Bg4 f5 13. Bh5 g6 14. Be2 Qe7 15. Rb1 Kh8
16. g4  0-1

[Event "Aberto do Brasil CONTAUD 2022"]
[Site "Cuiaba - MT - Brasil"]
[Date "2022.10.29"]
[Round "8"]
[Board "18"]
[White "Da Silva, Fabio Lima"]
[Black "Do Amaral Vailant, Helena Kether"]
[Result "1-0"]
[WhiteElo "1714"]
[BlackElo "1502"]
[PlyCount "72"]
[EventDate "2022.10.25"]
[EventRounds "9"]
[EventCountry "BRA"]

1. c4 f5 2. d4 Nf6 3. Nf3 g6 4. Bg5 Bg7 5. Nc3 d6 6. g3 Nbd7 7. Bg2 O-O 8. Qd2 e5
9. dxe5 dxe5 10. Bh6 Bxh6 11. Qxh6 Ng4 12. Qd2 e4 13. Nd4 Ndf6 14. e3 c5 15. Nb3
Qxd2+ 16. Nxd2 a6 17. h3 Ne5 18. Ke2 Be6 19. b3 Rab8 20. g4 h6 21. f3 exf3+ 22. Nxf3
Nxf3 23. Bxf3 fxg4 24. hxg4 Nxg4 25. Rag1 h5 26. Nd5 Bxd5 27. cxd5 Rbd8 28. Bxg4
hxg4 29. Rxg4 Rxd5 30. Rxg6+ Kf7 31. Rb6 Rd7 32. Rxb7 Rxb7 33. Rh7+ Ke6 34. Rxb7
Kd5 35. Kd3 Rd8 36. Ra7 Rd6  1-0

[Event "Aberto do Brasil CONTAUD 2022"]
[Site "Cuiaba - MT - Brasil"]
[Date "2022.10.29"]
[Round "8"]
[Board "19"]
[White "Mariano, Kaiki Pereira"]
[Black "Pereira Fo, Hildebrando Apolonio"]
[Result "1-0"]
[WhiteElo "1480"]
[BlackElo "1548"]
[PlyCount "73"]
[EventDate "2022.10.25"]
[EventRounds "9"]
[EventCountry "BRA"]

1. d4 d5 2. c4 Nf6 3. cxd5 Nxd5 4. Nf3 e6 5. e4 Bb4+ 6. Bd2 Bxd2+ 7. Qxd2 Nf6 8.
Nc3 O-O 9. Bd3 h6 10. g4 Nh7 11. e5 Ng5 12. Nxg5 Qxg5 13. f4 Qh4+ 14. Qf2 Qxf2+ 15.
Kxf2 Nc6 16. Ke3 Rd8 17. Be4 Ne7 18. Nb5 Rd7 19. Rac1 c6 20. Nd6 Nd5+ 21. Bxd5 exd5
22. b4 Rc7 23. f5 Bd7 24. Rc2 g6 25. Rf1 Be8 26. fxg6 fxg6 27. Rcf2 Kg7 28. Rf8 Re7
29. h4 Rd8 30. Kd2 b6 31. R1f6 c5 32. h5 cxd4 33. hxg6 Bxg6 34. Rxd8 Rxe5 35. Rff8
Bb1 36. Rf7+ Kg6 37. Rg8#  1-0

[Event "Aberto do Brasil CONTAUD 2022"]
[Site "Cuiaba - MT - Brasil"]
[Date "2022.10.29"]
[Round "8"]
[Board "20"]
[White "Vargas, Roberto Carlos Melgarejo"]
[Black "Paniago, Lucio Erloiny Silva"]
[Result "1/2-1/2"]
[WhiteElo "1683"]
[BlackElo "1468"]
[PlyCount "50"]
[EventDate "2022.10.25"]
[EventRounds "9"]
[EventCountry "BRA"]

1. d4 Nf6 2. Bf4 g6 3. Nc3 Bg7 4. e4 O-O 5. Qd2 d6 6. O-O-O c6 7. Bh6 Nbd7 8. h4
Qa5 9. Bxg7 Kxg7 10. h5 Ng8 11. hxg6 fxg6 12. Bc4 Ndf6 13. f3 b5 14. Bxg8 Nxg8 15.
Kb1 b4 16. Nce2 Qb5 17. Nh3 a5 18. d5 c5 19. Ng5 h6 20. Ne6+ Bxe6 21. dxe6 c4 22.
Qd4+ Nf6 23. Nf4 Qc5 24. Nd5 Qxd4 25. Rxd4 Nxd5  1/2-1/2

[Event "Aberto do Brasil CONTAUD 2022"]
[Site "Cuiaba - MT - Brasil"]
[Date "2022.10.29"]
[Round "8"]
[Board "21"]
[White "Viana, Paulo Vitor Monteiro"]
[Black "Gomes, Carlos"]
[Result "1/2-1/2"]
[WhiteElo "1371"]
[BlackElo "1538"]
[PlyCount "35"]
[EventDate "2022.10.25"]
[EventRounds "9"]
[EventCountry "BRA"]

1. e4 e5 2. Nf3 Nf6 3. Nc3 Nc6 4. Bb5 Bc5 5. d3 d6 6. Bg5 a6 7. Ba4 h6 8. Be3 Bxe3
9. fxe3 b5 10. Bb3 Na5 11. Qd2 Nxb3 12. axb3 Bb7 13. Ne2 O-O 14. c4 c6 15. O-O Re8
16. Ng3 d5 17. cxd5 cxd5 18. exd5  1/2-1/2

[Event "Aberto do Brasil CONTAUD 2022"]
[Site "Cuiaba - MT - Brasil"]
[Date "2022.10.29"]
[Round "8"]
[Board "22"]
[White "Volpato, Alzir"]
[Black "Freitas, Mauricio Mathioli"]
[Result "0-1"]
[WhiteElo "1501"]
[BlackElo "1445"]
[PlyCount "26"]
[EventDate "2022.10.25"]
[EventRounds "9"]
[EventCountry "BRA"]

1. e4 c6 2. d4 d5 3. exd5 cxd5 4. Bd3 Nc6 5. c3 Nf6 6. Nf3 Bg4 7. h3 Bh5 8. Bg5 e6
9. O-O Be7 10. Nbd2 O-O 11. Qc2 h6 12. Bxf6 Bxf6 13. c4 Bxf3  0-1

[Event "Aberto do Brasil CONTAUD 2022"]
[Site "Cuiaba - MT - Brasil"]
[Date "2022.10.29"]
[Round "8"]
[Board "23"]
[White "Moraes Silva, Natasha Alejandra"]
[Black "Almeida, Bianca Martins"]
[Result "1-0"]
[WhiteElo "1469"]
[BlackElo "1349"]
[PlyCount "97"]
[EventDate "2022.10.25"]
[EventRounds "9"]
[EventCountry "BRA"]

1. e4 e5 2. Nf3 Nf6 3. Nxe5 Qe7 4. Nf3 Nxe4 5. Qe2 Nf6 6. Nc3 Nc6 7. Nb5 Qxe2+ 8.
Bxe2 Nd5 9. c4 Ndb4 10. Nxc7+ Kd8 11. Nxa8 Nc2+ 12. Kd1 Nxa1 13. b3 Nb4 14. Bb2 Nxb3
15. axb3 f6 16. Bd4 Nc6 17. Be3 Bd6 18. Nd4 b6 19. Nxc6+ dxc6 20. Nxb6 axb6 21. Bxb6+
Kd7 22. Re1 c5 23. Bf3 Ba6 24. Kc2 Rb8 25. Ba7 Rf8 26. d4 cxd4 27. Bxd4 Rf7 28. Bd5
Re7 29. Rxe7+ Bxe7 30. g3 Kc7 31. Kc3 Bc8 32. h4 Bg4 33. b4 g5 34. hxg5 fxg5 35.
b5 h5 36. b6+ Kd7 37. Be5 Bd6 38. Bxd6 Kxd6 39. Kd4 h4 40. c5+ Kd7 41. Ke5 h3 42.
c6+ Kc8 43. Kd6 Be2 44. b7+ Kb8 45. c7+ Ka7 46. b8=Q+ Ka6 47. c8=Q+ Ka5 48. Qcc7+
Ka4 49. Qb3#  1-0